000 00702nam a2200241Ia 4500
003 OSt
005 20221006142749.0
006 a|||||r|||| 00| 0
007 ta
008 221006b |||||||| |||| 00| 0 eng d
020 _c892.52
024 _a7,131
037 _cTextual
040 _aEASL
_cEASL
_beng
041 _2eng
_aeng
082 _aY15.41.N94, N5
100 _aCroll Elisabeth
_9248306
245 0 _aChanging identities of Chinese women
_b Rhetoric, experience and self-perception in twentieth-century China
260 _aLondon
_bZed Books
_c1995
300 _a209p.
_ccm.
942 _hY15.41.N94, N5
_cTEXL
_2CC
999 _c1075217
_d1075217